| 000 | 02467nam a2200361Ia 4500 | ||
|---|---|---|---|
| 999 |
_c39995 _d39995 |
||
| 001 | 6601 | ||
| 003 | GE_BSU | ||
| 005 | 20191217123531.0 | ||
| 008 | 181216s2011||||ge |||||||||||||| ||geo|| | ||
| 020 | _a9789994080397 | ||
| 040 | _cGE_BSU | ||
| 041 | _ageo | ||
| 080 | _a27(479.22)(09)+27-36 ხ-20 | ||
| 100 |
_aხალვაში, რამაზ _92151 |
||
| 245 |
_aანდრია პირველწოდებული საქართველოში / _cრამაზ ხალვაში ; რედ.: ანანია ჯაფარიძე (მიტროპოლიტი), რევაზ სირაძე. |
||
| 264 |
_aბათუმი : _bლაზარე +, _c2011. |
||
| 300 |
_a168 გვ.; _b20 სმ. |
||
| 300 | _bყდაზე: წმ. ანდრია მოციქული აწყურის ხატით ხელში. ფრესკა (გელათი, XVII ს.). | ||
| 500 | _aდაიბეჭდა ბათუმისა და ლაზეთის მიტროპოლიტ დიმიტრი შიოლაშვილის ლოცვა-კურთხევით. შოთა რუსთაველის სახ.უნ-ტის ქართული ფილოლოგიის დეპარტამენტი. | ||
| 501 | _aსაძიებელი გვ.:157-164. | ||
| 504 | _aბიბლიოგრ.: გვ.146-152. | ||
| 520 | _aრეზ. ინგ. ენ. | ||
| 600 |
_aანდრია პიველწოდებული _95818 |
||
| 653 | _aქრისტიანობის ისტორია საქართველოში | ||
| 653 | _aრელიგია | ||
| 653 | _aწმინდანთა ცხოვრება | ||
| 653 | _aანდრია პირველწოდებული | ||
| 700 |
_aანანია ჯაფარიძე; მიტროპოლიტი _eრედაქტორი _95819 |
||
| 700 |
_aსირაძე, რევაზ _eრედაქტორი _95771 |
||
| 710 |
_aშოთა რუსთაველის სახელმწ. უნივერსიტეტი _bქართული ფილოლოგიის დეპარტამენტი _95820 |
||
| 856 |
_uhttp://dspace.nplg.gov.ge/bitstream/1234/16345/1/Andria_Pirvelcodebuli_Saqartveloshi.pdf _yელ. ვერსია; pdf |
||
| 942 |
_cBK _2udc |
||